| 000 | 00871cab a2200241 4500 | ||
|---|---|---|---|
| 001 | X2871 | ||
| 008 | 090401t1995 xxu||||| |||| 00| 0 eng d | ||
| 035 | _a(Sirsi) u26974 | ||
| 041 | _aeng | ||
| 100 | _aLeighfield, K. | ||
| 245 | 4 | _aThe role of the coal authority | |
| 260 | _c1995 | ||
| 350 | _a0 | ||
| 490 |
_aCSM (Chartered Surveyor Monthly) _v5(1) September 1995, 44-45; 5(2) October 1995, 44- |
||
| 520 | _aTwo articles on the role of the coal authority, focusing on ownership, subsidence, provision of coalfield data, borehole drilling permits, inherited liabilities, licences and contracts; and the implications for surveyors working in coalfield areas. | ||
| 650 | _aBOREHOLE DRILLING PERMITS | ||
| 650 | _aCOAL AUTHORITIES | ||
| 650 | _aCOALFIELDS | ||
| 650 | _aSUBSIDENCE | ||
| 690 | _aMINING AND MINERALS | ||
| 942 | _n0 | ||
| 948 | _c04/03/1997 | ||
| 999 |
_c18171 _d18171 |
||